The history of the Sikh Pioneers, 23rd, 32nd, 34th, (Record no. 552264)
[ view plain ]
| 000 -LEADER | |
|---|---|
| fixed length control field | 00517cam a22001451 4500 |
| 082 ## - DEWEY DECIMAL CLASSIFICATION NUMBER | |
| Classification number | 355.00954 |
| Author Mark | MAC |
| -- | D |
| 100 1# - MAIN ENTRY--PERSONAL NAME | |
| Personal name | MacMunn, George Fletcher, |
| 9 (RLIN) | 49483 |
| 245 14 - TITLE STATEMENT | |
| Title | The history of the Sikh Pioneers, 23rd, 32nd, 34th, |
| Statement of responsibility, etc. | by Sir George MacMunn, assisted by Captain Spurgin. |
| 260 ## - PUBLICATION, DISTRIBUTION, ETC. | |
| Place of publication, distribution, etc. | London, |
| Name of publisher, distributor, etc. | S. Low, Marston |
| Date of publication, distribution, etc. | [1936] |
| 300 ## - PHYSICAL DESCRIPTION | |
| Extent | xvi, 560 p. |
| Other physical details | plates, ports., maps (part fold.) |
| Dimensions | 24 cm. |
| 526 ## - STUDY PROGRAM INFORMATION NOTE | |
| Program name | 0 |
| Interest level | 0 |
| Reading level | 0 |
| Title point value | 355_009540000000000_MAC |
| 650 ## - SUBJECT ADDED ENTRY--TOPICAL TERM | |
| Topical term or geographic name entry element | MCE |
| 9 (RLIN) | 379 |
| 700 1# - ADDED ENTRY--PERSONAL NAME | |
| Personal name | Spurgin, A. R. |
| 9 (RLIN) | 49484 |
| 942 ## - ADDED ENTRY ELEMENTS (KOHA) | |
| Source of classification or shelving scheme | |
| Koha item type | Book |
| Withdrawn status | Lost status | Source of classification or shelving scheme | Damaged status | Not for loan | Permanent Location | Current Location | Shelving location | Date acquired | Total Checkouts | Full call number | Barcode | Date last seen | Price effective from | Koha item type |
|---|---|---|---|---|---|---|---|---|---|---|---|---|---|---|
| Military College of Engineering (MCE) | Military College of Engineering (MCE) | 01/13/2015 | 355.00954 MAC | MCE-ECH/128 | 01/13/2015 | 01/13/2015 | Book |
